Business ethics now

Αποθηκεύτηκε σε:
Λεπτομέρειες βιβλιογραφικής εγγραφής
Κύριος συγγραφέας: Ghillyer, Andrew
Μορφή: Βιβλίο
Γλώσσα:English
Δημοσίευση: New York : McGraw-Hill, 2012
Έκδοση:international ed.
Θέματα:
Ετικέτες: Προσθήκη ετικέτας
Δεν υπάρχουν, Καταχωρήστε ετικέτα πρώτοι!

MARC

LEADER 00000nam a2200000 i 4500
001 1/31231
008 130607s2012 eng d
020 |a 978-007-132520-2 (pbk.) 
035 |l 10114700 
040 |a GR-MY-UA  |b gre  |e aacr 
041 0 |a eng 
082 0 |a 174.4  |2 (22) 
100 1 |a Ghillyer, Andrew. 
245 1 0 |a Business ethics now /  |c Andrew Ghillyer 
250 |a international ed. 
260 |a New York :   |b McGraw-Hill,   |c 2012 
300 |a xii, 244 σ.;  |b εικ.;  |c 28 εκ. 
504 |a Περιέχει βιβλιογραφικές παραπομπές και ευρετήριο 
650 0 0 |a Business ethics. 
852 |a INST  |b CHIOS  |c EUDOXUS  |e 20130607  |h 174.4 GHI  |p 005200035179  |q 005200035179  |t EDX  |y 0 
901 |a BIBL2-2013-2 
909 |a Χ  |b 175597 
920 |a ΕΥΔΟΞΟΣ  |b ΠΑΡΑΓΓΕΛΙΑ  |y ΧΙΟΣ-ΤΔΕ  |z 2013-05 
970 |a ΣΠΕΝΤΖΑ  |b ΕΛΕΝΗ  |z 2013/06/07